Xarxa de Museus Locals : resum d'activitats resum d'activitats
Publicado:
Barcelona :
Diputació de Barcelona. Àrea de Cultura. Oficina de Patrimoni Cultural ,
2008
Descripción Física:
Volums : il·lustracions ; 30 cm
Materias:
Barcelona (Catalunya : Província). -- Xarxa de Museus Locals
; Barcelona (Catalunya : Província). -- Xarxa de Museus Locals -- Activitats culturals
; Barcelona (Catalunya : Província). -- Diputació -- Revistes
Idioma:
Catalán
MARC
| LEADER | 00000nam a2200000Ia 4500 | ||
|---|---|---|---|
| 001 | 21606, 21338, 23266, 28588 | ||
| 003 | AGDB | ||
| 005 | 20260324181510.0 | ||
| 008 | 160829m2008 spcaxx s cat c | ||
| 017 | |a B 19511-2023 | ||
| 040 | |a AGDB | ||
| 080 | |a B-2-177, B-2-174, B-2-248 | ||
| 110 | 1 | |9 52963 |a Barcelona (Catalunya : Província). |b Xarxa de Museus Locals | |
| 245 | 1 | 0 | |a Xarxa de Museus Locals : |b resum d'activitats |
| 260 | |a Barcelona : |b Diputació de Barcelona. Àrea de Cultura. Oficina de Patrimoni Cultural, |c 2008- | ||
| 300 | |a Volums : |b il·lustracions ; |c 30 cm | ||
| 590 | |a Inclou reculls de premsa. | ||
| 590 | |a Títol anterior: Memòria... | ||
| 610 | 1 | 0 | |9 52963 |a Barcelona (Catalunya : Província). |b Xarxa de Museus Locals |
| 610 | 1 | 0 | |9 55919 |a Barcelona (Catalunya : Província). |b Xarxa de Museus Locals |x Activitats culturals |
| 610 | 1 | 0 | |9 54166 |a Barcelona (Catalunya : Província). |b Diputació |v Revistes |
| 710 | 1 | |a Barcelona (Catalunya : Província). |b Oficina de Patrimoni Cultural |9 52675 | |
| 866 | |a 2007-2009 | ||
| 866 | |a 2022 | ||
| 901 | |a Arxiu | ||
| 942 | |n 1 |2 udc |c ARXIU | ||
| 952 | |0 0 |1 0 |4 0 |6 B2177 |7 1 |9 53275 |a Arxiu |b Arxiu |d 2016-12-01 |h 2007 |o B-2-177 |p 21606 |r 2016-12-01 00:00:00 |w 2016-12-01 |y ARXIU | ||
| 952 | |0 0 |1 0 |4 0 |6 B2248 |7 1 |9 65558 |a Arxiu |b Arxiu |d 2023-03-08 |h 2009 |l 0 |o B-2-248 |p 23266 |r 2023-03-08 00:00:00 |w 2023-03-08 |y ARXIU | ||
| 952 | |0 0 |1 0 |4 0 |6 B2174 |7 1 |9 65604 |a Arxiu |b Arxiu |d 2023-03-14 |h 2008 |l 0 |o B-2-174 |p 21338 |r 2023-03-14 00:00:00 |w 2023-03-14 |y ARXIU | ||
| 952 | |0 0 |1 0 |4 0 |6 BIB1208 |7 1 |9 97394 |a Arxiu |b Arxiu |d 2024-09-16 |h 2022 |l 0 |o Bib-1208 |p 28588 |r 2024-09-16 00:00:00 |w 2024-09-16 |y ARXIU | ||
| 999 | |c 57139 |d 57139 | ||